000 00526nam a2200217 4500
005 20260119104548.0
008 260119b |||||||| |||| 00| 0 eng d
020 _a9788172334208
_cRs.3250.00
040 _aMAIN
082 _a576
_bJ221G
100 _aJamaluddin
245 _aGeneral microbiology
260 _aJodhpur
_bScientific Publishers
_c2025
300 _aiv, 422
650 _aMicrobiology
650 _aTaxonomy
650 _aGene Expression
700 _aMalaviya, Naveen
942 _cBK
999 _c396718
_d396718